00621 2200205 4500001002100000005001500021035002000036008004100056245011000097100002900207260003000236300003800266020002200304084001800326082001100344650002300355990001300378990001200391990001200403INLIS00000000001038920220208033616 a0010-0222000192220208 g 0 ind 1 aStatistik Penelitian Bisnis Dan Pariwisata (Dilengkapi Studi Kasus Penelitian) /cI Gusti Bagus Rai Utama0 aI GUSTI, Bagus Rai Utama aYogyakarta :bAndi,c2018 aviii,264 hlm. :b:ilus. ;c23 cm. a978-979-29-6841-5 a338.002 IGU s a338002 4aSTATISTIK INDUSTRI a17160 ab a17160 a a17160 b